Normal view
MARC view
- Yapı tasarımı
Entry Topical Term
001 - CONTROL NUMBER
- control field: 4264
003 - CONTROL NUMBER IDENTIFIER
- control field: TR-AnTOB
005 - DATE AND TIME OF LATEST TRANSACTION
- control field: 20201210172335.0
008 - FIXED-LENGTH DATA ELEMENTS
- fixed length control field: 860211|| anznnbabn |b ana
010 ## - LIBRARY OF CONGRESS CONTROL NUMBER
- LC control number: sh 85129194
035 ## - SYSTEM CONTROL NUMBER
- System control number: (TR-AnTOB)4264
040 ## - CATALOGING SOURCE
- Original cataloging agency: DLC
- Language of cataloging: eng
- Transcribing agency: DLC
- Modifying agency: DLC
- Modifying agency: TR-AnTOB
- Description conventions: rda
- Subject heading/thesaurus conventions: etuturkob
150 ## - HEADING--TOPICAL TERM
- Topical term or geographic name entry element: Yapı tasarımı
360 ## - COMPLEX SEE ALSO REFERENCE--SUBJECT
- Explanatory text: subdivision
- Heading referred to: Design and construction
- Explanatory text: under types of structures
450 ## - SEE FROM TRACING--TOPICAL TERM
- Topical term or geographic name entry element: Structural design
450 ## - SEE FROM TRACING--TOPICAL TERM
- Topical term or geographic name entry element: Yapısal tasarım
550 ## - SEE ALSO FROM TRACING--TOPICAL TERM
- Topical term or geographic name entry element: Engineering design
- Control subfield: g
550 ## - SEE ALSO FROM TRACING--TOPICAL TERM
- Topical term or geographic name entry element: Architectural design
550 ## - SEE ALSO FROM TRACING--TOPICAL TERM
- Topical term or geographic name entry element: Strains and stresses
688 ## - APPLICATION HISTORY NOTE
- Institution to which field applies: TR-AnTOB
- Application history note: AI 27.3.2020
750 ## - ESTABLISHED HEADING LINKING ENTRY--TOPICAL TERM
- Authority record control number or standard number: https://lccn.loc.gov/sh85129194
- Source of heading or term: lcsh
750 ## - ESTABLISHED HEADING LINKING ENTRY--TOPICAL TERM
- Authority record control number or standard number: (TR-AnTOB)1761
- Source of heading or term: etuesh
- Topical term or geographic name entry element: Structural design



